Central Library OPAC University of Rajshahi

Mixtures : (Record no. 72098)

MARC details
000 -LEADER
fixed length control field 00905nam a2200253 a 4500
001 - CONTROL NUMBER
control field 72098
003 - CONTROL NUMBER IDENTIFIER
rucl marc code BD-RjUL
005 - DATE AND TIME OF LATEST TRANSACTION
control field 20211209082218.0
008 - FIXED-LENGTH DATA ELEMENTS--GENERAL INFORMATION
fixed length control field 170513s1952 enka b 001 0 eng
035 ## - SYSTEM CONTROL NUMBER
System control number (BD-RjUL)72314
040 ## - CATALOGING SOURCE
Original cataloging agency DLC
Transcribing agency ODaWU
Modifying agency OCoLC
-- Uk
-- DLC
-- BD-RjUL
Language of cataloging eng
041 ## - LANGUAGE CODE
Language code of text/sound track or separate title eng
082 ## - DEWEY DECIMAL CLASSIFICATION NUMBER
Edition number 23
Classification number 541.34
Author mark and year GUM 1952
100 1# - MAIN ENTRY--PERSONAL NAME
Personal name Guggenheim, E. A.
Fuller form of name (Edward Armand),
Dates associated with a name 1901-
9 (RLIN) 205822
245 10 - TITLE STATEMENT
Title Mixtures :
Remainder of title the theory of the equilibrium properties of some simple classes of mixtures, solutions and alloys /
Statement of responsibility, etc. E A Guggenheim
260 ## - PUBLICATION, DISTRIBUTION, ETC. (IMPRINT)
Place of publication, distribution, etc. Oxford :
Name of publisher, distributor, etc. Clarendon Press,
Date of publication, distribution, etc. 1952.
300 ## - PHYSICAL DESCRIPTION
Pagination x, 270 p. :
Illustrations ill. ;
Size 25 cm.
500 ## - GENERAL NOTE
General note Includes index
650 #0 - SUBJECT ADDED ENTRY--TOPICAL TERM
Topical term or geographic name as entry element Solution (Chemistry)
9 (RLIN) 170012
Topical term or geographic name as entry element Alloys.
9 (RLIN) 160235
830 ## - SERIES ADDED ENTRY--UNIFORM TITLE
Uniform title The International series of monographs on physics
942 ## - ADDED ENTRY ELEMENTS (KOHA)
Source of classification or shelving scheme Dewey Decimal Classification
Koha item type Books
Holdings
Lost status Source of classification or shelving scheme Damaged status Not for loan Collection code Permanent Location Current Location Shelving location Date acquired Source of acquisition Cost, normal purchase price Total Checkouts Full call number Date last seen Copy number Koha item type
  Dewey Decimal Classification   Not For Loan Non-fiction Central Library, University of Rajshahi Central Library, University of Rajshahi Reading Room 16/11/1957 1957-11-16 40.10   541.34 GUM 1952 13/05/2017 C-1 Books